Members of the Minnesota Senate - Statistics

General Stats
  • This quiz has been taken 5 times
  • The average score is 42 of 67
Answer Stats
District Party Answer % Correct
45 Democrat Ann Johnson Stewart
100%
66 Democrat Clare Oumou Verbeten
100%
60 Democrat Doron Clark
100%
56 Democrat Erin Maye Quade
100%
64 Democrat Erin Murphy
100%
67 Democrat Foung Hawj
100%
3 Democrat Grant Hauschild
100%
1 Republican Mark Johnson
100%
18 Democrat Nick Frentz
100%
61 Democrat Scott Dibble
100%
38 Democrat Susan Pha
100%
44 Democrat Tou Xiong
100%
50 Democrat Alice Mann
67%
47 Democrat Amanda Hemmingsen-Jaeger
67%
43 Democrat Ann Rest
67%
58 Republican Bill Lieske
67%
21 Republican Bill Weber
67%
59 Democrat Bobby Joe Champion
67%
42 Democrat Bonnie Westlin
67%
24 Republican Carla Nelson
67%
15 Republican Gary Dahms
67%
36 Democrat Heather Gustafson
67%
8 Democrat Jen McEwen
67%
26 Republican Jeremy Miller
67%
52 Democrat Jim Carlson
67%
34 Democrat John Hoffman
67%
40 Democrat John Marty
67%
41 Democrat Judy Seeberger
67%
48 Republican Julia Coleman
67%
33 Republican Karin Housley
67%
6 Republican Keri Heintzeman
67%
55 Democrat Lindsey Port
67%
25 Democrat Liz Boldon
67%
39 Democrat Mary Kunesh
67%
51 Democrat Melissa Halvorson Wiklund
67%
32 Republican Michael Kreun
67%
62 Democrat Omar Fateh
67%
5 Republican Paul Utke
67%
7 Republican Robert Farnsworth
67%
4 Democrat Rob Kupec
67%
46 Democrat Ron Latz
67%
65 Democrat Sandy Pappas
67%
49 Democrat Steve Cwodzinski
67%
20 Republican Steve Drazkowski
67%
37 Republican Warren Limmer
67%
57 Republican Zach Duckworth
67%
63 Democrat Zaynab Mohamed
67%
16 Republican Andrew Lang
33%
27 Republican Andrew Matthews
33%
14 Democrat Aric Putnam
33%
31 Republican Cal Bahr
33%
30 Republican Eric Lucero
33%
54 Republican Eric Pratt
33%
23 Republican Gene Dornink
33%
17 Republican Glenn Gruenhagen
33%
11 Republican Jason Rarick
33%
35 Republican Jim Abeler
33%
19 Republican John Jasinski
33%
9 Republican Jordan Rasmusson
33%
28 Republican Mark Koran
33%
53 Democrat Matt Klien
33%
29 Republican Michael Holmstrom Jr.
33%
10 Republican Nathan Wesenberg
33%
22 Republican Rich Draheim
33%
2 Republican Steve Green
33%
12 Republican Torrey Westrom
33%
13 Republican Jeff Howe
0%
No matching quizzes found
Score Distribution
Percent of People with Each Score
Percentile by Number Answered
Your Score History
You have not taken this quiz